1516 1489 1980 1288 1336 1123 1068 1453 1461 1641 1101 1148 1526 1280 1230 1324 1353 1741 1738 1664 1143 1597 1502 1000 1255 1830 1251 1252 1511 1351 1489 1487 1488 1175 1257 1299 1626 1613 1946 1090 1254 1559 1899 1282 1342 1150 1309 1674 1866 1023 1689 1523 1219 1442 1749 1366 1452 1508 1736 1759 1425 1910 1547 1532 1433 1535 1878 1437 1194 1261 1411 1947 1552 1213 1245 1366 1881 1404 1859 1841 1491 1414 1434 1465 1730 1572 1353 1003 1974 1193 1188 1890 1835 1497 1230 1986 1714 1088 1251 BCNSPRNW ULIB Ver.6.0+V

เปลี่ยนเป็นภาษาไทย

Change to English
 แสดงรายละเอียดบรรณานุกรม
  กลับหน้าหลัก

Brief Record : Get Marc (ISO 2709) : E-mail record : QR code < ปิดหน้าต่าง
LEADER : 00000nam 2200000uu 4500
001    13399128328
003     ULIB
008    230612s2564||||th 000 0 tha d
020    ^a9786164386730
060  0 ^aWY163^bก891ก
100 0  ^aแก้วกาญจน์ เสือรัมย์
245 00 ^aการพยาบาลเด็กที่มีความผิดปกติของระบบทางเดินหายใจ/^cแก้วกาญจน์ เสือรัมย์
250    ^aพิมพ์ครั้งที่ 2
260    ^aขอนแก่น:^bสาขาวิชาการพยาบาลสุขภาพเด็ก คณะพยาบาลศาสตร์ มหาวิทยาลัยขอนแก่น,^c2564
300    ^a236 หน้า
650  0 ^aการพยาบาลกุมารเวชศาสตร์
650  0 ^aโรคระบบทางเดินหายใจ
856    ^a^zสารบัญ^uhttps://drive.google.com/file/d/1ij_oAZaCTriNLdrbfT8LicW6-3aAerIR/view?usp=share_link
945    ^p200^l0^i29558
945    ^p200^l0^i29559
945    ^p200^l0^i29560
999    ^aกัณชพร จุลอักษร
รายการนี้ยังไม่มีแท็ก
คุณยังไม่ได้ล็อกอิน คุณสามารถมีกิจกรรมร่วมกับเว็บไซต์ได้ แต่ต้องล็อกอินก่อน ::
  ล็อกอิน

รายการสื่อสารสนเทศ

ลำดับที่ ประเภท เลขเรียก/บาร์โค้ด สถานที่ สถานะ
1. หนังสือสำรอง
หนังสือสำรอง
WY163 ก891ก ฉ.1 
  Barcode: 29558
ห้องสมุดวิทยาเขตนครสวรรค์
►หนังสือทั่วไป:l:General Books
บนชั้น
2. วิทยาศาสตร์การแพทย์ และสุขภาพ
วิทยาศาสตร์การแพทย์ และสุขภาพ
WY163 ก891ก ฉ.2 
  Barcode: 29559
ห้องสมุดวิทยาเขตนครสวรรค์
►หนังสือทั่วไป:l:General Books
บนชั้น
3. วิทยาศาสตร์การแพทย์ และสุขภาพ
วิทยาศาสตร์การแพทย์ และสุขภาพ
WY163 ก891ก ฉ.3 
  Barcode: 29560
ห้องสมุดวิทยาเขตนครสวรรค์
►หนังสือทั่วไป:l:General Books
บนชั้น

รายการใกล้เคียง
    ผู้แต่ง [แก้วกาญจน์ เสือรัมย์]

    หัวเรื่อง [การพยาบาลกุมารเวชศาสตร์]
    หัวเรื่อง [โรคระบบทางเดินหายใจ]

BibComment


ยังไม่เคยถูกคอมเมนท์

คอมเมนท์ทรัพยากรรายการนี้
  คอมเมนท์: การพยาบาลเด็กที่..


 Copyright 2026. Bcnsprnw @Library